| 000 | 02518cam a2200337 a 4500 | ||
|---|---|---|---|
| 001 | 16194990 | ||
| 005 | 20170105102934.0 | ||
| 008 | 100420s2009 enkb 001 0 eng d | ||
| 010 | _a 2010292658 | ||
| 020 | _a9780521767217 (hardback) | ||
| 020 | _a0521767210 | ||
| 035 | _a(OCoLC)ocn311769437 | ||
| 040 |
_aBTCTA _cBTCTA _dYDXCP _dBWK _dCUD _dBWX _dSUC _dFDA _dVPI _dDLC |
||
| 042 | _alccopycat | ||
| 043 |
_aa-pk--- _aa-ii--- |
||
| 050 | 0 | 0 |
_aDS485.K1943 _bA89 2009 |
| 082 |
_a959 _bASY 2009 |
||
| 245 | 0 | 0 |
_aAsymmetric warfare in South Asia : _bthe causes and consequences of the Kargil Conflict / _cedited by Peter R. Lavoy. |
| 260 |
_aCambridge ; _aNew York : _bCambridge University Press, _c2009. |
||
| 300 |
_axvii, 407 p. : _bmaps ; _c24 cm. |
||
| 500 | _aIncludes index. | ||
| 505 | 0 | _aPart 1, Causes and conduct of the conflict. The strategic context of the Kargil conflict : a Pakistani perspective / Zafar Iqbal Cheema ; Pakistan's motivations and calculations for the Kargil conflict / Feroz Hassan Khan, Peter R. Lavoy, and Christopher Clary ; Military operations in the Kargil conflict / John H. Gill ; American diplomacy and the 1999 Kargil Summit at Blair House / Bruce Riedel ; Kargil : the nuclear dimension / Timothy D. Hoyt ; Why Kargil did not produce general war : the crisis-management strategies of Pakistan, India, and the United States / Peter R. Lavoy -- Part 2, Consequences and impact of the conflict. Surprise at the top of the world : India's systemic and intelligence failure / James J. Wirtz and Surinder Rana ; Militants in the Kargil conflict : myths, realities, and impacts / C. Christine Fair ; The impact of the Kargil conflict and Kashmir on Indian politics and society / Praveen Swami ; The Kargil conflict's impact on Pakistani politics and society / Saeed Shafqat -- Part 3, Lessons learned. The lessons of Kargil as learned by India / Rajesh M. Basrur ; The lessons of Kargil as learned by Pakistan / Hasan-Askari Rizvi ; The Kargil crisis : lessons learned by the United States / Rodney W. Jones and Joseph McMillan ; Kargil, deterrence, and international relations theory / Robert Jervis. | |
| 650 | 0 | _aKargil War, 1999. | |
| 651 | 0 |
_aKargil (India) _xHistory, Military. |
|
| 651 | 0 |
_aIndia _xForeign relations _zPakistan. |
|
| 651 | 0 |
_aPakistan _xForeign relations _zIndia. |
|
| 700 | 1 |
_aLavoy, Peter R. _q(Peter René), _d1961- |
|
| 906 |
_a7 _bcbc _ccopycat _d2 _encip _f20 _gy-gencatlg |
||
| 942 |
_2ddc _cBK |
||
| 999 |
_c16195 _d16195 |
||